| Tag |
First Indicator |
Second Indicator |
Subfields |
| LEADER |
00000cam a2200000 a 4500 |
| 001 |
in00000990705 |
| 005 |
20150927160954.0 |
| 008 |
890113s1970 coua 00010 eng d |
| 035 |
|
|
|a (OCoLC)19018983
|
| 035 |
|
|
|9 AEY5322AM
|
| 040 |
|
|
|a GIS
|c GIS
|d TXA
|d UtOrBLW
|
| 049 |
1 |
|
|a TXA2
|
| 090 |
|
|
|a GB653
|b .C724 no. 18
|
| 100 |
1 |
|
|a Schulz, Edmond F.
|
| 245 |
1 |
0 |
|a Experimental investigation of small watershed floods :
|b completion report /
|c by E.F. Schulz and V.M. Yevjevich.
|
| 264 |
|
1 |
|a Fort Collins, Colo. :
|b Colorado Water Resources Research Institute, Colorado State University, [1970]
|c [date of publication not identified]
|
| 300 |
|
|
|a 1 volume in various pagings :
|b illustrations ;
|c 28 cm.
|
| 336 |
|
|
|a text
|b txt
|2 rdacontent
|
| 337 |
|
|
|a unmediated
|b n
|2 rdamedia
|
| 338 |
|
|
|a volume
|b nc
|2 rdacarrier
|
| 490 |
1 |
|
|a Completion report / Colorado State University, Colorado Water Resources Research Institute ;
|v no. 18
|
| 500 |
|
|
|a "June 30 1970."
|
| 500 |
|
|
|a "CER69-70EFS-VY38."
|
| 504 |
|
|
|a Includes bibliographies.
|
| 536 |
|
|
|b 14-01-0001-1885
|d B-030-COLO.
|
| 650 |
|
0 |
|a Water resources development
|z Colorado.
|
| 650 |
|
0 |
|a Floods
|z Colorado.
|
| 650 |
|
0 |
|a Flood control
|z Colorado.
|
| 650 |
|
0 |
|a Runoff
|z Colorado.
|
| 650 |
|
0 |
|a Rain and rainfall
|z Colorado.
|
| 650 |
|
0 |
|a Watersheds
|z Colorado.
|
| 650 |
|
0 |
|a Watershed management
|z Colorado.
|
| 700 |
1 |
|
|a Yevjevich, Vujica M.,
|d 1913-
|
| 710 |
2 |
|
|a Colorado Water Resources Research Institute.
|
| 710 |
1 |
|
|a United States.
|b Office of Water Resources Research.
|
| 830 |
|
0 |
|a Completion report (Colorado Water Resources Research Institute) ;
|v no. 18.
|
| 999 |
|
|
|a MARS
|
| 999 |
f |
f |
|s 696849c1-e671-33b3-8f80-ebe12c938a81
|i 44442afa-f8ec-3d6e-9b8e-6d9cbd9971a8
|t 0
|
| 952 |
f |
f |
|p ric
|a Texas A&M University
|b Rellis Campus
|c Joint Library Facility
|d Remote Storage
|t 0
|e GB653 .C724 no.18
|h Library of Congress classification
|i unmediated -- volume
|m A14814282077
|
| 998 |
f |
f |
|a GB653 .C724 no.18
|t 0
|l Remote Storage
|